000
00269nam a22001217a 4500
008
181019b xxu||||| |||| 00| 0 eng d
041
_a
eng
080
_a
610.73
100
_a
2
101
_a
INF
245
_a
Fundamentals of Nursing
_c
Wilkinson, J.M
942
_2
udc
_c
BK
999
_c
50274
_d
50274